000 00801nam a22002177a 4500
001 84864
003 BD-RjUL
005 20250427143204.0
008 250427s1930 pk a 000 0 urd
035 _a(BD-RjUL) 84864
040 _aDLC
_cDLC
_beng
041 _aeng
082 _223
_a891.43914
_bSIT 1930
100 1 _aصديقي، مريض الدین، ;; Siddiqui, M. Raziuddin.
_915342
245 1 0 _aاقبال کا تصوّر زمان و مکان ;;;; kā taṣavvur-i zamān o makān̲ /
_cRaz̤īuddīn Ṣiddīqī.زرضی الدین صدیقی ., ،,
260 _aLaāhaur :
_bIqbāl Akaiḍīmī,
_c1930
300 _aii, 80 p. ;
_c18 cm.
600 1 0 _aIqbal, Muhammad,
_cSir,
_d1877-1938
_xCriticism and interpretation.
_98392
942 _2ddc
_cBK
999 _c84864
_d84864